| 000 | 00554nam a22001697a 4500 | ||
|---|---|---|---|
| 003 | OSt | ||
| 005 | 20251213114225.0 | ||
| 008 | 250704b |||||||| |||| 00| 0 eng d | ||
| 040 | _cAIMIT LIBRARY | ||
| 100 |
_aIshwarya. _e222108 _9217270 |
||
| 245 |
_aForecasting crude oil prices using event extraction and time series analysis / _cBy Ishwarya. |
||
| 260 |
_aMangalore ; _c2024. |
||
| 700 |
_aT, Vanitha. _eMentor _9217271 |
||
| 700 |
_aM P, Praveen. _eGuide. _9217272 |
||
| 856 |
_3Numentrix Consulting, Bangalore _u www.numentrix.com |
||
| 942 |
_2ddc _cPRO |
||
| 999 |
_c234581 _d234581 |
||